[Event "Challenge"]
[Site "http://www.queenalice.com/game.php?id=684260"]
[Date "2009.11.16"]
[Round "-"]
[White "burnthepoliticians"]
[Black "Fauquinelle"]
[Result "0-1"]
[WhiteElo "1709"]
[BlackElo "1804"]

1. e4 e5 2. Nf3 Nc6 3. Bc4 Bc5 4. c3 Nf6 5. d3 d6 6. Nbd2 Bg4 7. O-O Qd7 8. b4
Bb6 9. a4 a5 10. b5 Ne7 11. h3 Bh5 12. Qb3 O-O 13. Ng5 h6 14. Ngf3 Ng6 15. Re1
Nf4 16. Ba3 Nxh3+ 17. Kf1 Nf4 18. Nxe5 dxe5 19. Bxf8 Qg4 20. Bxf7+ Bxf7 21. Qd1
Qxg2# 0-1

[Event "Let's Play Chess!"]
[Site "http://www.queenalice.com/game.php?id=685218"]
[Date "2009.11.18"]
[Round "-"]
[White "burnthepoliticians"]
[Black "APSHOOTER"]
[Result "0-1"]
[WhiteElo "1741"]
[BlackElo "1669"]

1. a3 d5 2. b3 d4 3. c3 Nf6 4. d3 Nc6 5. e3 e5 6. f3 Bc5 7. e4 dxc3 8. Nxc3 Bd4
9. Bb2 O-O 10. Nge2 Be3 11. g4 Nxg4 12. fxg4 Qh4+ 13. Ng3 Bxg4 14. Be2 Bxe2 15.
Qxe2 Nd4 16. Qd1 Qh3 17. Ra2 Qg2 18. Bc1 Nf3+ 19. Qxf3 Qxf3 0-1

[Event "Let's Play Chess!"]
[Site "http://www.queenalice.com/game.php?id=687868"]
[Date "2009.11.24"]
[Round "-"]
[White "burnthepoliticians"]
[Black "spin"]
[Result "1-0"]
[WhiteElo "1624"]
[BlackElo "1501"]

1. e4 d5 2. exd5 Qxd5 3. Nc3 Qe5+ 4. Qe2 Qc5 5. Nf3 f6 6. d4 Qa5 7. Bd2 Qb6 8.
Nd5 Qxb2 9. Nxc7+ Kd8 10. Ne6+ Bxe6 11. c4 1-0

[Event "Challenge"]
[Site "http://www.queenalice.com/game.php?id=690568"]
[Date "2009.11.29"]
[Round "-"]
[White "burnthepoliticians"]
[Black "chyco"]
[Result "1-0"]
[WhiteElo "1602"]
[BlackElo "1542"]

1. e4 e5 2. Nf3 d6 3. Bc4 c6 4. d3 Nf6 5. Nc3 Ng4 6. O-O Be7 7. h3 Nf6 8. Ng5 d5
9. exd5 cxd5 10. Bb3 h6 11. Nf3 d4 12. Ne4 Nxe4 13. Nxe5 Nc5 14. Nxf7 Nxb3 15.
Nxd8 Bxd8 16. axb3 Rf8 17. Qh5+ Rf7 18. Qe5+ Be7 19. Re1 Nc6 20. Qe2 Bf5 21. g4
Bd7 22. h4 O-O-O 23. g5 h5 24. Qxh5 Rdf8 25. Qe2 Rf3 26. b4 Bg4 27. Qd2 Bxb4 28.
c3 Rxf2 29. Qxf2 1-0

[Event "Challenge"]
[Site "http://www.queenalice.com/game.php?id=690569"]
[Date "2009.11.29"]
[Round "-"]
[White "chyco"]
[Black "burnthepoliticians"]
[Result "1-0"]
[WhiteElo "1527"]
[BlackElo "1609"]

1. e4 e6 2. e5 d5 3. d4 Nc6 4. c3 g6 5. Nh3 Bg7 6. Qf3 Nge7 7. Ng5 O-O 8. Qh3 h6
9. Nf3 h5 10. Ng5 Bd7 11. g4 Bh6 12. gxh5 gxh5 13. Qxh5 Nf5 14. Rg1 Ng7 15. Qxh6
Qxg5 16. Rxg5 Ne7 17. Qxg7# 1-0

[Event "Challenge"]
[Site "http://www.queenalice.com/game.php?id=693238"]
[Date "2009.12.5"]
[Round "-"]
[White "burnthepoliticians"]
[Black "karplak3"]
[Result "0-1"]
[WhiteElo "1635"]
[BlackElo "1593"]

1. e4 e5 2. Nf3 Nc6 3. Bc4 Nf6 4. Ng5 d5 5. exd5 Nd4 6. d6 Qxd6 7. Nxf7 Qc6 8.
b3 Qxg2 9. Rf1 Qe4+ 10. Be2 Nf3# 0-1

[Event "Challenge"]
[Site "http://www.queenalice.com/game.php?id=693239"]
[Date "2009.12.5"]
[Round "-"]
[White "karplak3"]
[Black "burnthepoliticians"]
[Result "1-0"]
[WhiteElo "1611"]
[BlackElo "1617"]

1. e4 c5 2. Nf3 g6 3. Bc4 e6 4. O-O Bg7 5. Nc3 Ne7 6. d3 d5 7. exd5 Bxc3 8. bxc3
exd5 9. Bb3 d4 10. Ng5 Nbc6 11. Nxf7 1-0

[Event "Challenge"]
[Site "http://www.queenalice.com/game.php?id=694176"]
[Date "2009.12.7"]
[Round "-"]
[White "kingmartinIII"]
[Black "burnthepoliticians"]
[Result "0-1"]
[WhiteElo "1423"]
[BlackElo "1593"]

1. e4 c5 2. Bc4 e6 3. Nf3 g6 4. O-O Bg7 5. c3 Nc6 6. Re1 Nge7 7. d4 d5 8. exd5
exd5 9. Bb5 cxd4 10. Nxd4 Bd7 11. Bxc6 Bxc6 12. Nd2 O-O 13. c4 dxc4 14. Nxc4
Bxd4 15. Bh6 Re8 16. Ne3 Bxe3 17. Rxe3 Nf5 18. Rh3 Nxh6 19. Rxh6 Qxd1+ 20. Rxd1
Rad8 21. Rf1 Re2 22. Rh3 Red2 23. Re3 Rxb2 24. h3 Rxa2 25. Ree1 Bb5 26. Re7 Bxf1
27. Kxf1 Rdd2 28. g4 Rxf2+ 29. Ke1 Rh2 30. h4 Rh1# 0-1

[Event "Let's Play Chess!"]
[Site "http://www.queenalice.com/game.php?id=694394"]
[Date "2009.12.8"]
[Round "-"]
[White "jfcarbonari"]
[Black "burnthepoliticians"]
[Result "1-0"]
[WhiteElo "1806"]
[BlackElo "1602"]

1. e4 c5 2. Nf3 g6 3. d4 cxd4 4. Qxd4 Nf6 5. Bb5 Nc6 6. Bxc6 bxc6 7. Bg5 Ba6 8.
Nc3 Bg7 9. e5 Nh5 10. O-O-O Nf4 11. Qxf4 Qb6 12. Qd4 Qxd4 13. Rxd4 d6 14. Ra4
Bb5 15. Nxb5 cxb5 16. Ra5 a6 17. exd6 exd6 18. Rd1 1-0

[Event "Let's Play Chess!"]
[Site "http://www.queenalice.com/game.php?id=694396"]
[Date "2009.12.8"]
[Round "-"]
[White "jfcarbonari"]
[Black "burnthepoliticians"]
[Result "1-0"]
[WhiteElo "1712"]
[BlackElo "1593"]

1. e4 c5 2. Nf3 g6 3. d4 cxd4 4. Nxd4 Bg7 5. c4 Nc6 6. Be3 Qb6 7. Nxc6 Qxc6 8.
Qc2 b5 9. Nd2 bxc4 10. Bxc4 Ba6 11. O-O-O Bxc4 12. Qxc4 Qb7 13. Qb3 Qc7+ 14. Kb1
Rb8 15. Rc1 Qc8 16. Rxc8+ 1-0

[Event "BIG Challenge"]
[Site "http://www.queenalice.com/game.php?id=695684"]
[Date "2009.12.10"]
[Round "-"]
[White "burnthepoliticians"]
[Black "Claudin"]
[Result "1-0"]
[WhiteElo "1616"]
[BlackElo "1334"]

1. g3 d5 2. Bg2 a5 3. Nf3 e5 4. Nxe5 Bd6 5. d4 Bb4+ 6. c3 Bd6 7. Qb3 Nf6 8. Bg5
a4 9. Qc2 Qd7 10. Nxd7 Kxd7 11. Qf5+ Kd8 12. Bxf6+ gxf6 13. Qxf6+ Be7 14. Qxh8+
Kd7 15. Bxd5 Ra5 16. Bxf7 Kd6 17. O-O Bf5 18. b4 Rb5 19. Bc4 Rb6 20. Qe5+ Kd7
21. Qxf5+ Kd6 22. Qe6# 1-0

[Event "Prof_Odair"]
[Site "http://www.queenalice.com/game.php?id=707409"]
[Date "2010.1.2"]
[Round "1"]
[White "tche_elvio"]
[Black "burnthepoliticians"]
[Result "0-1"]
[WhiteElo "1506"]
[BlackElo "1650"]

1. c4 g6 2. Nc3 Bg7 3. g3 c5 4. Bg2 Nc6 5. Nf3 Nf6 6. O-O O-O 7. e3 d5 8. d4 Bg4
9. b3 Ne4 10. Nxe4 dxe4 11. Bb2 cxd4 12. Qd2 exf3 13. Bxd4 Nxd4 14. Qxd4 Bxd4
0-1

[Event "Let's Play 3"]
[Site "http://www.queenalice.com/game.php?id=718288"]
[Date "2010.1.22"]
[Round "-"]
[White "digger"]
[Black "burnthepoliticians"]
[Result "1-0"]
[WhiteElo "1532"]
[BlackElo "1642"]

1. e4 c5 2. Bc4 e6 3. c3 d5 4. Bb5+ Bd7 5. Bxd7+ Nxd7 6. d3 Nb6 7. Nf3 Nf6 8. e5
Nfd7 9. O-O g6 10. a4 Bg7 11. a5 Nc8 12. Qa4 O-O 13. d4 Ncb6 14. axb6 axb6 15.
Qxa8 Qxa8 16. Rxa8 Rxa8 17. Na3 cxd4 18. cxd4 Ra4 19. Rd1 Ra5 20. Kf1 b5 21. Nc2
Ra4 22. b3 Ra6 23. Bd2 Nb8 24. Rc1 h5 25. Ne3 Nc6 26. Ke2 Ra2 27. Rc2 Ra3 28. b4
Rb3 29. Rc5 Rxb4 30. Bxb4 1-0

[Event "Let's Play 6"]
[Site "http://www.queenalice.com/game.php?id=718291"]
[Date "2010.1.22"]
[Round "-"]
[White "burnthepoliticians"]
[Black "digger"]
[Result "0-1"]
[WhiteElo "1611"]
[BlackElo "1618"]

1. e4 e5 2. Nf3 d6 3. Nc3 Nf6 4. Bc4 Be6 5. Bb3 c6 6. d4 d5 7. dxe5 Nxe4 8. Nxe4
dxe4 9. Qxd8+ Kxd8 10. Ng5 Ke7 11. O-O Bxb3 12. axb3 f6 13. exf6+ gxf6 14. Nxe4
Nd7 15. Be3 Bg7 16. Rfe1 Rhe8 17. Nc3 b6 18. Bxb6+ Kf7 19. Rxe8 Rxe8 20. Be3 f5
21. Rxa7 Ke6 22. h3 Bxc3 23. bxc3 h5 24. c4 Rf8 25. Kf1 Rd8 26. Bg5 Re8 27. f4
Kd6 28. b4 Rb8 29. c3 Ke6 30. Kf2 Kd6 31. Kg3 Rh8 32. Kf3 Re8 33. c5+ Ke6 34. g4
hxg4+ 35. hxg4 fxg4+ 36. Kxg4 Nf8 37. f5+ Kd5 38. f6 Re4+ 39. Kf5 Re5+ 40. Kf4
Ne6+ 41. Kg4 Rxg5+ 42. Kf3 Rf5+ 43. Ke3 Rxf6 44. Rd7+ Kc4 45. Rd6 Kxc3 46. Rxc6
Kxb4 47. Rd6 Kxc5 48. Ra6 Kb5 49. Rd6 Kc5 50. Ra6 Kd5 51. Rb6 Rf7 52. Rb5+ Nc5
53. Ra5 Re7+ 54. Kd2 Kc4 55. Ra3 Nb3+ 56. Kd1 Rd7+ 57. Kc2 Rd2+ 58. Kb1 Kc3 0-1

[Event "Let's Play Chess!"]
[Site "http://www.queenalice.com/game.php?id=718351"]
[Date "2010.1.22"]
[Round "-"]
[White "Jorgecas"]
[Black "burnthepoliticians"]
[Result "1-0"]
[WhiteElo "1579"]
[BlackElo "1629"]

1. e4 c5 2. Qf3 Nc6 3. Bc4 e6 4. c3 Nf6 5. d3 Be7 6. Bg5 d5 7. Bxf6 Bxf6 8. Bb5
dxe4 9. Qxe4 Qc7 10. Ne2 Bd7 11. d4 cxd4 12. cxd4 Qb6 13. Bxc6 Bxc6 14. Qg4 Qxb2
15. O-O Qxa1 16. Rd1 Qxa2 17. g3 Qd5 18. f3 Qxf3 19. Qxf3 Bxf3 20. Re1 Bxe2 21.
Rxe2 Bxd4+ 22. Kf1 O-O-O 23. Re1 Rd5 24. Na3 Bc3 25. Rb1 Rhd8 26. Nc4 Rd1+ 27.
Rxd1 Rxd1+ 28. Kg2 Rd4 29. Ne3 Rd2+ 30. Kf1 Bd4 31. Nc4 Rxh2 32. Nd6+ Kc7 33.
Nb5+ Kd7 34. Nxd4 a5 35. Kg1 Rd2 36. Nb3 Ra2 37. Nc5+ Kc6 38. Nb3 a4 39. Nd4+
Kd5 40. Nb5 a3 41. Nc3+ Kc4 42. Nxa2 Kb3 43. Nc1+ Kb2 44. Nd3+ Kb1 45. Nb4 a2
46. Nxa2 Kxa2 47. Kf2 b5 48. Ke2 b4 49. Kd3 b3 50. Kc3 b2 51. g4 b1=Q 52. Kd4
Qg1+ 53. Kc4 Qxg4+ 54. Kc5 Qe4 55. Kd6 f5 56. Ke7 Qe5 57. Kd7 Kb3 58. Ke7 Kc4
59. Kd7 Qf6 60. Kd6 1-0

[Event "Forca Sporting!!"]
[Site "http://www.queenalice.com/game.php?id=718353"]
[Date "2010.1.22"]
[Round "-"]
[White "burnthepoliticians"]
[Black "Jorgecas"]
[Result "0-1"]
[WhiteElo "1650"]
[BlackElo "1643"]

1. e4 e5 2. Nf3 Nc6 3. Nc3 Qf6 4. Bb5 Nb4 5. a3 Nc6 6. O-O Qg6 7. d4 exd4 8.
Nxd4 Ne5 9. Bf4 c6 10. Ba4 d6 11. b4 Bg4 12. Qd2 Nf3+ 13. Nxf3 Bxf3 14. g3 Qh5
15. b5 Qh3 16. Qxd6 Qg2# 0-1

[Event "Challenge"]
[Site "http://www.queenalice.com/game.php?id=724095"]
[Date "2010.2.1"]
[Round "-"]
[White "burnthepoliticians"]
[Black "LukeKovacs"]
[Result "1-0"]
[WhiteElo "1622"]
[BlackElo "1404"]

1. e4 c5 2. Nf3 d6 3. d4 c4 4. Bxc4 Qc7 5. Bb3 e5 6. Ng5 Nh6 7. Qf3 Bg4 8. Bxf7+
Nxf7 9. Qxg4 Na6 10. Qe6+ Be7 11. Qxf7+ Kd7 12. Qxg7 Nb4 13. Na3 Raf8 14. Nxh7
Rfg8 15. Qh6 Kc6 16. d5+ Kb6 17. Be3+ Ka6 18. Qe6 Rxg2 19. Nf6 Bxf6 20. Qxf6
Rhg8 21. O-O-O Nd3+ 22. Rxd3 Rg1+ 23. Rxg1 Rxg1+ 24. Rd1 Rg7 25. Qf3 b6 26. Qe2+
Kb7 27. Nb5 Qb8 28. Rd3 Rg1+ 29. Kd2 Qg8 30. Ra3 a6 31. Nxd6+ Kc7 32. Rxa6 Kxd6
33. Rxb6+ Kc7 34. Qc4+ Kd7 35. Qc6+ Ke7 36. Rb7+ 1-0

[Event "Let's Play Chess!"]
[Site "http://www.queenalice.com/game.php?id=754764"]
[Date "2010.4.1"]
[Round "-"]
[White "specktro"]
[Black "burnthepoliticians"]
[Result "1-0"]
[WhiteElo "1763"]
[BlackElo "1595"]

1. Nf3 c5 2. g3 g6 3. Bg2 Bg7 4. O-O Nc6 5. e4 e6 6. d4 cxd4 7. Nxd4 Nxd4 8. c3
Nc6 9. Be3 d6 10. Nd2 d5 11. f4 dxe4 12. Nxe4 Qxd1 13. Raxd1 Nge7 14. Nd6+ Kf8
15. b4 Bxc3 16. a3 b5 17. Nxb5 Bg7 18. Bxa7 Nxa7 19. Rd8# 1-0

[Event "Let's Play Chess!"]
[Site "http://www.queenalice.com/game.php?id=754765"]
[Date "2010.4.1"]
[Round "-"]
[White "burnthepoliticians"]
[Black "specktro"]
[Result "1-0"]
[WhiteElo "1586"]
[BlackElo "1765"]

1. e4 e6 2. d4 d5 3. Nc3 Nf6 4. e5 Nfd7 5. f4 c5 6. Nf3 Be7 7. Bb5 O-O 8. Ng5
cxd4 9. Qxd4 a6 10. Qd3 Bxg5 11. Bxd7 Bxd7 12. fxg5 Nc6 13. Qe3 d4 14. Qg3 dxc3
15. bxc3 Nxe5 16. Qxe5 Bc6 17. O-O f6 18. gxf6 Rxf6 19. Bg5 Rxf1+ 20. Rxf1 Qb6+
21. Be3 Qb2 22. Bd4 Rf8 23. Qxg7# 1-0

[Event "Prof_Odair"]
[Site "http://www.queenalice.com/game.php?id=756021"]
[Date "2010.4.4"]
[Round "2"]
[White "Prof_Odair"]
[Black "burnthepoliticians"]
[Result "1-0"]
[WhiteElo "1805"]
[BlackElo "1609"]

1. e4 c5 2. c3 d5 3. exd5 Qxd5 4. d4 cxd4 5. cxd4 Nc6 6. Nf3 f6 7. Nc3 Qa5 8.
Bb5 Bd7 9. O-O a6 10. Bc4 b5 11. Bb3 b4 12. Nd5 e6 13. Re1 Nge7 14. Nxe7 1-0